The vampyre, the werewolf and other gothic tales of horror (Record no. 74819)

MARC details
000 -LEADER
fixed length control field 00702nam a2200229Ia 4500
008 - FIXED-LENGTH DATA ELEMENTS--GENERAL INFORMATION
fixed length control field 191130s2009##################000#0#eng##
020 ## - INTERNATIONAL STANDARD BOOK NUMBER
ISBN 9780486471921
082 ## - DEWEY DECIMAL CLASSIFICATION NUMBER
Classification number 823.7 POL
245 ## - TITLE STATEMENT
Title The vampyre, the werewolf and other gothic tales of horror
Statement of responsibility, etc John Polidori and others ; edited by Rochelle Kronzek
250 ## - EDITION STATEMENT
Edition statement Dover ed
260 ## - PUBLICATION, DISTRIBUTION, ETC. (IMPRINT)
Place of publication Mineola, NY
Name of publisher Dover Publications
Year of publication 2009
300 ## - PHYSICAL DESCRIPTION
Number of Pages viii, 118 p. ; 22 cm
650 ## - SUBJECT ADDED ENTRY--TOPICAL TERM
Topical Term Vampires - Fiction
Topical Term Werewolves - Fiction
700 ## - ADDED ENTRY--PERSONAL NAME
Personal name Kronzek, Rochelle
Personal name Polidori, John William
991 ## -
-- 370004
Holdings
Withdrawn status Lost status Damaged status Not for loan Home library Current library Shelving location Date acquired Full call number Accession Number Price effective from Koha item type
        Anna Centenary Library Anna Centenary Library 4TH FLOOR, A WING 09.10.2020 823.7 POL 444984 09.10.2020 English Books

Find us on the map